| 000 | 00355nam a2200133Ia 4500 | ||
|---|---|---|---|
| 008 | 220217s9999||||xx |||||||||||||| ||und|| | ||
| 020 | _a817888136-5 | ||
| 082 | _a515.35 TRI | ||
| 100 | _aTrivedi, S.D | ||
| 245 | 0 | _aComprehensive differential equations | |
| 260 |
_aDominant publishers _bNew Delhi _c2003 |
||
| 300 | _b650 | ||
| 650 | _aMATHEMATICS | ||
| 999 |
_c171280 _d171280 |
||